000 00558nam a2200193Ia 4500
005 20250508152351.0
008 008 250505s9999 xx 000 0 eng d
037 _aTextual
040 _aFEDL
_beng
_cFEDL
041 _aeng
_2eng
084 _a150, AME
_qFEDL
245 0 _aEthical standards of psychologists
245 0 _cAmerican Psychological Association
260 _aWashington, USA
_bAmerican Psychological Association
_c1953
300 _axv,171p
650 _aPsychology
942 _cTEXL
_h150, AME
999 _c1335953
_d1335953